| 000 | 00886nas a2200289 4500 | ||
|---|---|---|---|
| 001 | BR2018000790 | ||
| 003 | BR-BrBNA | ||
| 005 | 20231205131312.0 | ||
| 007 | ta | ||
| 008 | 230509b bl.|||p| |||| 00| 00por d | ||
| 040 |
_aBR-BrBNA _bpor _cBiblioteca Nacional de Agricultura |
||
| 041 | _a(Pt) | ||
| 072 | _aP33 | ||
| 100 | 1 | _aMarcelino, T.H. | |
| 100 | 1 | _aShiraiwa, S. | |
| 100 | 1 | _aBorges, W.R. | |
| 100 | 1 | _aPriante Filho, N. | |
| 100 | 1 | _aRaiter, F. | |
| 245 | 1 | _aGPR para a verificação do nível d'água subterrânea em transição Floresta Amazônica e Cerrado | |
| 650 | _aAGUAS SUBTERRANEAS | ||
| 650 | _aLENÇOL FREATICO | ||
| 650 | _aPERMEABILIDADE | ||
| 650 | _aFLORESTA TROPICAL | ||
| 773 | 0 |
_tActa Amazônica (Brazil) _xISSN 0044-5967 _g(Jul 2005), v. 35(3) p. 367-374 _wBR2018000790 |
|
| 909 |
_a202311 _bLúcia _c55 _dLúcia Elande |
||
| 942 |
_2AGRIS _n0 _cANA |
||
| 999 |
_c254071 _d254071 |
||